| 000 | 00562nam a2200157 a 4500 | ||
|---|---|---|---|
| 008 | 120416s1960 ||||||||||||||||| || u | ||
| 050 | _aREF TE 145 Hig | ||
| 100 | _aWoods, Kenneth B | ||
| 245 | 1 | 0 |
_aHighway engineering handbook _cedited by Kenneth B. Woods |
| 260 |
_aNew York _bMcGraw-Hill _c1960 |
||
| 300 | _a1 vol. in various pagings : ill. | ||
| 350 | _a0.00 | ||
| 700 | _aBerry, Donald S | ||
| 700 | _aGoetz, William H | ||
| 995 |
_D0.00 _FCBU-MAIN LIBRARY (Kitwe) _H1 _I60.00 _M1 _UREFERENCE _ZReference Collection |
||
| 999 |
_c45553 _d45553 |
||